Largest Cities that Contain the Letter T - Statistics

General Stats
  • This quiz has been taken 279 times
  • The average score is 18 of 23
Answer Stats
Population City % Correct
40,700,000 Tokyo
100%
15,800,000 Tehran
98%
16,500,000 Istanbul
97%
28,600,000 Jakarta
97%
9,200,000 Taipei
96%
7,650,000 Toronto
96%
10,000,000 Bogota
95%
8,000,000 Santiago
92%
5,600,000 St. Petersburg
92%
17,200,000 Kolkata
90%
6,850,000 Houston
86%
7,850,000 Boston
85%
6,650,000 Khartoum
82%
8,750,000 Washington D.C.
80%
11,200,000 Tianjin
79%
6,000,000 Atlanta
73%
5,750,000 Monterrey
72%
5,850,000 Detroit
68%
5,100,000 Belo Horizonte
62%
5,100,000 Chittagong
62%
7,150,000 Surat
53%
7,950,000 Shantou
36%
5,550,000 Taiyuan
23%
No matching quizzes found
Score Distribution
Percent of People with Each Score
Percentile by Number Answered
Your Score History
You have not taken this quiz